1067 1702 1588 1185 1410 1016 1487 1956 1345 1666 1444 1510 1469 1490 1169 1258 1695 1393 1346 1972 1751 1498 1956 1858 1934 1113 1850 1717 1590 1518 1013 1996 1736 1992 1968 1839 1952 1956 1790 1208 1337 1101 1946 1505 1024 1294 1799 1747 1679 1618 1701 1364 1794 1559 1133 1307 1089 1656 1226 1570 1184 1288 1154 1518 1773 1479 1593 1125 1163 1970 1452 1766 1685 1577 1583 1161 1011 1751 1485 1999 1405 1730 1321 1384 1539 1781 1631 1533 1969 1227 1256 1319 1839 1434 1339 1581 1911 1744 1165 BCNSPRNW ULIB Ver.6.0+V

เปลี่ยนเป็นภาษาไทย

Change to English
 แสดงรายละเอียดบรรณานุกรม
  กลับหน้าหลัก

Brief Record : Get Marc (ISO 2709) : E-mail record : QR code < ปิดหน้าต่าง
LEADER : 00000nam 2200000uu 4500
001    13399113742
003     ULIB
008    111220s2549||||th 000 0 tha d
020    ^a9749417402
060  4 ^aWA292^bค127 2549
245 00 ^aคัมภีร์กู้ชีวิต =^bFire rescue & EMS manual /^cโดยสมาคมการดับเพลิงและช่วยชีวิต FARA
246 14 ^aคัมภีร์กู้ชีวิต :^bคู่มือการดับไฟ กู้ภัย กู้ชีพ มาตราฐานFARA-FS Certified และ APFF
246 31 ^aFire rescue & EMS manual
260    ^aกรุงเทพฯ :^bสมาคมการดับเพลิงและช่วยชีวิต,^c2549
300    ^a176 หน้า :^bภาพประกอบ ;^c29 ซม.
650  7 ^aการป้องกันอัคคีภัย
650  7 ^aอัคคีภัย
710 2  ^aสมาคมการดับเพลิงและช่วยชีวิต
945    ^p0^l0^i24821
995    ^aกัณชพร
999    ^aใช้งานได้ทุกระบบ
รายการนี้ยังไม่มีแท็ก
คุณยังไม่ได้ล็อกอิน คุณสามารถมีกิจกรรมร่วมกับเว็บไซต์ได้ แต่ต้องล็อกอินก่อน ::
  ล็อกอิน

รายการสื่อสารสนเทศ

ลำดับที่ ประเภท เลขเรียก/บาร์โค้ด สถานที่ สถานะ
- ไม่พบข้อมูล -

รายการใกล้เคียง
    หัวเรื่อง [การป้องกันอัคคีภัย]
    หัวเรื่อง [อัคคีภัย]

BibComment


ยังไม่เคยถูกคอมเมนท์

คอมเมนท์ทรัพยากรรายการนี้
  คอมเมนท์: คัมภีร์กู้ชีวิต ..


 Copyright 2026. Bcnsprnw @Library